[Event "Kuala Lumpur Arena op"]
[Site "Kuala Lumpur"]
[Date "2015.11.14"]
[Round "4"]
[White "Nazri, Nur Aina Syamimi"]
[Black "Kwan, Tszee Yeung Ruby"]
[Result "0-1"]
[WhiteElo "1387"]
[BlackElo "1754"]
[PlyCount "74"]
[EventDate "2015.11.13"]
[EventType "swiss"]
[EventRounds "7"]
[EventCountry "MAS"]
[SourceTitle "EXT 2017"]
[Source "ChessBase"]
[SourceDate "2016.10.25"]
[SourceVersion "1"]
[SourceVersionDate "2016.10.25"]
[SourceQuality "1"]

1. e4 c5 2. f4 d5 3. exd5 Qxd5 4. d3 Nf6 5. Nf3 e6 6. Nc3 Qd8 7. Be2 Be7 8. 0-0 0-0 9. Ne4 Nc6 10. Be3 b6 11. c3 Bb7 12. Nfg5 h6 13. Nxf6+ Bxf6 14. Ne4 Be7 15. f5 exf5 16. Rxf5 Bc8 17. Rf1 Be6 18. Bg4 Qd7 19. Bxe6 Qxe6 20. Qc2 f5 21. Nf2 Qxe3 22. Rae1 Qg5 23. Qb3+ Kh7 24. Re6 Rf6 25. Nh3 Qh4 26. Rf4 Qh5 27. Rxf6 Bxf6 28. Qe6 Ne7 29. Rf1 Rd8 30. Qc4 Qe2 31. Nf4 Qxb2 32. Ne6 Rb8 33. Qa6 Qxc3 34. Qxa7 Qe5 35. Kh1 Nd5 36. Qf7 Qe2 37. Kg1 Ne3 0-1